000 01484cam a2200421 i 4500
999 _c64317
_d64317
001 768714001
003 SpMaBN
005 20180724121409.0
008 100122s2009 sp | |||| 000 0 spa
017 _aM 46848-2009
_bOficina Depósito Legal Madrid
020 _a9788422014430
040 _aSpMaBN
_bspa
_cCO-MdFUSB
_erdc
_dCO-MdFUSBC
041 1 _aspa
_hlat
080 _a254(02)"05"
082 _222
_a254
_bM198
100 1 _aGregorio
_cPapa, Santo
_eautor
240 1 0 _aRegula pastoralis
245 1 0 _aRegla pastoral
_c/ Gregorio Magno ; traducción española por Paulino Gallardo
264 1 _aMadrid :
_bBiblioteca de Autores Cristianos
_c[2009]
264 4 _c©2009
300 _axvi, 198 páginas :
_c20 cm.
336 _2rdacontent
_atexto
_btxt
337 _2rdamedia
_asin mediación
_bn
338 _2rdacarrier
_avolumen
_bnc
490 0 _aBiblioteca de Autores Cristianos
505 _gParte I:
_tCiudades para el gobierno pastoral
505 _gParte II:
_tLa vida del pastor
505 _gParte III:
_tLa exhortación pastoral
505 _gParte IV:
_tEl predicador, después de haberlo realizado bien todo, vuelva al interior de sí mismo para que no le ensoberbezcan ni la vida ni la predicación.
563 _arústico
650 7 _aSacerdocio
_vObras anteriores a 1800
_2embne
650 0 _aPredicación
_954
650 7 _aTeología pastoral
_9227
942 _cREF
956 _a2